Yogi Berra Quotations Quiz Stats

 Plays Quiz not verified by Sporcle

Score 0/25 Timer 08:00
0 Plays Today
Quote % Correct
This is like deja vu...all over again
89.4%
It aint over til...it's over
63.5%
If you come to a fork in the road...take it
53.8%
I never said most of the things...I said
44.2%
You should always go to other people's funerals; otherwise...they won't come to yours
37.5%
The future ain't what...it used to be
36.5%
Nobody goes there anymore...it's too crowded
34.6%
You can observe a lot...just by watching
30.8%
Half the lies they tell about me...aren't true
27.9%
It's tough to make predictions, especially about...the future
24%
Baseball is 90% mental...the other half is physical
19.2%
He hits from both sides of the plate. He's...amphibious
17.3%
It ain't the heat...it's the humility
13.5%
Quote % Correct
If the world was perfect...it wouldn't be
6.7%
If the fans don't come out to the ball park...you can't stop them
5.8%
Thanks...you don't look so hot yourself
5.8%
You better cut the pizza in four pieces because...I'm not hungry enough to eat six
4.8%
A nickel isn't worth...a dime today
4.8%
I knew I was going to take the wrong train...so I left early
3.8%
We have deep...depth
3.8%
What time is it?...You mean now?
3.8%
You've got to be very careful if you don't know where you're going...because you might not get there
2.9%
If you can't imitate him...don't copy him
2.9%
Yeah, but...we're making great time
2.9%
I'd find the fellow who lost it, and...if he was poor, I'd return it
0%

You're not logged in!

Compare scores with friends on all Sporcle quizzes.
OR
Log In

Show Comments

Extras

Top Quizzes Today


Score Distribution

Your Account Isn't Verified!

In order to create a playlist on Sporcle, you need to verify the email address you used during registration. Go to your Sporcle Settings to finish the process.

Report this User

Report this user for behavior that violates our Community Guidelines.

Details: